00230nam a2200109Ia 4500008004100000100001700041245000900058260001900067650001000086942000700096999001700103190216s9999||||xx |||||||||||||| ||und|| aVimal Mithra 0aAham bDc Booksc2008 aNovel cBK c26504d26504